Fuzzy-stochastický odhad hodnoty firmy jako kupní opce

Stochastické modely odhadu ceny kúpnej (call) opcie. Ocenenie vlastného kapitálu firmy ako kúpnej opcie. Charakteristika použitého fuzzy aparátu. Fuzzy-stochastický model ocenenia vlastného kapitálu firmy ako kúpnej opcie. Prepočet fuzzy hodnoty vlastného kapitálu firmy ako kúpnej opcie.

Na minha lista:
Detalhes bibliográficos
Autor principal: Zmeškal, Zdeněk
Formato: Capítulo de Livro
Idioma:tcheco
Assuntos:
Tags: Adicionar Tag
Sem tags, seja o primeiro a adicionar uma tag!

MARC

LEADER 00000naa a2200000 4500
001 r034863
005 20231002094829.7
041 0 |a cze 
044 |a CZ 
245 1 0 |a Fuzzy-stochastický odhad hodnoty firmy jako kupní opce  |c Zdeněk Zmeškal 
520 |a Stochastické modely odhadu ceny kúpnej (call) opcie. Ocenenie vlastného kapitálu firmy ako kúpnej opcie. Charakteristika použitého fuzzy aparátu. Fuzzy-stochastický model ocenenia vlastného kapitálu firmy ako kúpnej opcie. Prepočet fuzzy hodnoty vlastného kapitálu firmy ako kúpnej opcie. 
610 2 0 |a hodnota podniku 
610 2 0 |a odhad hodnoty 
610 2 0 |a firmy 
610 2 0 |a opcie 
610 2 0 |a modely 
610 2 0 |a oceňovanie 
610 2 0 |a kapitál vlastný 
100 1 |a Zmeškal, Zdeněk